KATZUNG'S BASIC & CLINICAL PHARMACOLOGY (Record no. 30677)

MARC details
000 -LEADER
fixed length control field 00415nam a22001697a 4500
003 - CONTROL NUMBER IDENTIFIER
control field SGT
020 ## - INTERNATIONAL STANDARD BOOK NUMBER
International Standard Book Number 9781265446635
082 ## - DEWEY DECIMAL CLASSIFICATION NUMBER
Classification number 615
Item number K24V
100 ## - MAIN ENTRY--PERSONAL NAME
Personal name VANDERAH, TODD W.
245 ## - TITLE STATEMENT
Title KATZUNG'S BASIC & CLINICAL PHARMACOLOGY
250 ## - EDITION STATEMENT
Edition statement 16TH
260 ## - PUBLICATION, DISTRIBUTION, ETC. (IMPRINT)
Place of publication, distribution, etc NEW YORK
Name of publisher, distributor, etc MC GRAW HILL
Year of Publication 2024
300 ## - PAGE DESCRIPTION
No. of Pages 1348
650 ## - SUBJECT ADDED ENTRY--TOPICAL TERM
Topical term or geographic name as entry element PHARMACOLOGY
653 ## - KEYWORDS--INDEX TERM
Keyword term KATZUNG'S BASIC & CLINICAL PHARMACOLOGY
942 ## - ADDED ENTRY ELEMENTS (KOHA)
Source of classification or shelving scheme Dewey Decimal Classification
Koha item type Books
Holdings
Withdrawn status Lost status Source of classification or shelving scheme Damaged status Not for loan Collection code Home library Current library Shelving location Date acquired Vendor Name Cost, normal purchase price SGTU Bill Number Total Checkouts Full call number Accession No. (Barcode) Date last seen Bill Date Koha item type
    Dewey Decimal Classification   Not For Loan MEDICAL SGT Medical Library SGT Medical Library Reference Book 11/02/2025 ABC DELHI 2475.00 SGTU 20461   615 K24V FM14876 05/04/2025 11/02/2025 Books
    Dewey Decimal Classification   Not For Loan MEDICAL SGT Medical Library SGT Medical Library Reference Book 11/02/2025 ABC DELHI 2475.00 SGTU 20461   615 K24V FM14881 05/04/2025 11/02/2025 Books